| 000 | 00773nam a22002417i 4500 | ||
|---|---|---|---|
| 003 | URS | ||
| 005 | 20250429220917.0 | ||
| 008 | 160826b xxu||||| |||| 00| 0 eng d | ||
| 020 | _a9710863932 | ||
| 040 |
_erda _cURS _bEnglish |
||
| 050 | 1 | 4 |
_aDS675.8.R62 _bZ13j 2003 |
| 100 |
_aZaide, Gregorio F., _eauthor. |
||
| 245 | 1 | 0 |
_aJose Rizal : _blife, works and writings / _cGregorio F. Zaide. |
| 250 | _aRevised Millennium edition. | ||
| 264 | 1 |
_aMandaluyong City : _bNational Book Store, _c©2003. |
|
| 300 |
_axxxii, 318 pages ; _c22 cm. |
||
| 336 |
_atext _btxt _2rdacontent |
||
| 337 |
_aunmediated _bn _2rdamedia |
||
| 338 |
_avolume _bnc _2rdacarrier |
||
| 504 | _aIncludes bibliographical references and index. | ||
| 650 | 0 | _aRizal, Jose, 1861-1896. | |
| 942 |
_2lcc _cF |
||
| 999 |
_c10139 _d10139 |
||